[Event "POL-chT3 Dolnoslaskie 1415"]
[Site "Poland"]
[Date "2015.03.29"]
[Round "9.10"]
[White "Paprocki, Artur"]
[Black "Szyler, Bartosz"]
[Result "1-0"]
[WhiteElo "1880"]
[BlackElo "1764"]
[PlyCount "133"]
[EventDate "2014.10.26"]
[EventType "team-tourn"]
[EventRounds "11"]
[EventCountry "POL"]
[SourceTitle "EXT 2018"]
[Source "ChessBase"]
[SourceDate "2017.10.13"]
[SourceVersion "1"]
[SourceVersionDate "2017.10.13"]
[SourceQuality "1"]
[WhiteTeam "Olesnica Pogon"]
[BlackTeam "Olawa MGLKS Parnas"]
[WhiteTeamCountry "POL"]
[BlackTeamCountry "POL"]

1. d4 Nf6 2. Bg5 g6 3. Bxf6 exf6 4. e3 f5 5. g3 Bg7 6. Bg2 d6 7. Ne2 0-0 8. 0-0 Nd7 9. c4 c6 10. Nbc3 a5 11. a3 Nf6 12. Qd3 a4 13. Rfd1 Re8 14. Rac1 g5 15. Qc2 Qa5 16. d5 c5 17. Nb5 Ra6 18. Nec3 Ng4 19. Bf1 Ne5 20. Bd3 Nxd3 21. Qxd3 Qd8 22. Re1 Kh8 23. Re2 Rg8 24. f4 h5 25. Rf2 h4 26. Qe2 g4 27. Kg2 Bf6 28. Qd3 Be7 29. Re2 Rg7 30. e4 fxe4 31. Qxe4 f5 32. Qc2 Rh7 33. Rce1 Qf8 34. gxh4 Bd7 35. Nc7 Ra5 36. Ne6 Qf6 37. Qd3 Ra8 38. Ng5 Rg7 39. Nd1 Rb8 40. Qc3 Qxc3 41. Nxc3 Bf6 42. Nb5 Bxb5 43. cxb5 Bxg5 44. hxg5 Kg8 45. Re8+ Rxe8 46. Rxe8+ Kh7 47. Re6 Rd7 48. h3 gxh3+ 49. Kxh3 c4 50. Kh4 c3 51. bxc3 Rc7 52. Kh5 Rxc3 53. Re7+ Kg8 54. Kg6 Kf8 55. Rxb7 Rxa3 56. Kxf5 Rd3 57. Kf6 Re3 58. Ra7 a3 59. g6 Re8 60. Rxa3 Rb8 61. b6 Kg8 62. b7 Rf8+ 63. Kg5 Kg7 64. Ra7 Rb8 65. f5 Kg8 66. Ra8 Kg7 67. f6+ 1-0

[Event "POL-chT3 Dolnoslaskie 1415"]
[Site "Poland"]
[Date "2015.02.08"]
[Round "6.30"]
[White "Guziewicz, Wojciech"]
[Black "Szyler, Bartosz"]
[Result "0-1"]
[WhiteElo "1809"]
[BlackElo "1764"]
[PlyCount "88"]
[EventDate "2014.10.26"]
[EventType "team-tourn"]
[EventRounds "11"]
[EventCountry "POL"]
[SourceTitle "EXT 2018"]
[Source "ChessBase"]
[SourceDate "2017.10.13"]
[SourceVersion "1"]
[SourceVersionDate "2017.10.13"]
[SourceQuality "1"]
[WhiteTeam "Przedwojow Debiut"]
[BlackTeam "Olawa MGLKS Parnas"]
[WhiteTeamCountry "POL"]
[BlackTeamCountry "POL"]

1. e4 c5 2. Nf3 d6 3. c3 Nf6 4. Qc2 Qc7 5. Be2 g6 6. d3 Bg7 7. 0-0 0-0 8. b3 e5 9. h3 Nc6 10. Na3 a6 11. Bb2 b5 12. Rac1 Nh5 13. d4 Nf4 14. d5 Nb8 15. c4 b4 16. Nb1 Qe7 17. Rce1 f5 18. Bd3 Bh6 19. Kh2 Nxd3 20. Qxd3 Nd7 21. Bc1 Qg7 22. Ng5 Bxg5 23. Bxg5 f4 24. f3 h6 25. Bh4 g5 26. Bf2 Rf6 27. Rh1 Rg6 28. Kg1 Nf6 29. Kf1 a5 30. a4 bxa3 31. Nxa3 g4 32. Ke2 a4 33. Nb5 axb3 34. Ra1 gxf3+ 35. gxf3 Ra2+ 36. Rxa2 bxa2 37. Qa3 Rg2 38. Rf1 Bxh3 39. Qxa2 Qg3 40. Nxd6 Rh2 41. Ke1 Qxf3 42. Rg1+ Bg4 43. Qa8+ Kh7 44. Rxg4 Qxf2+ 0-1

[Event "Wroclaw Anderssen Memorial op 22nd"]
[Site "Wroclaw"]
[Date "2013.06.29"]
[Round "9"]
[White "Czachor, Grzegorz"]
[Black "Szyler, Bartosz"]
[Result "0-1"]
[WhiteElo "2004"]
[BlackElo "1755"]
[PlyCount "64"]
[EventDate "2013.06.29"]
[EventType "swiss (rapid)"]
[EventRounds "9"]
[EventCountry "POL"]
[SourceTitle "CBM 155 Extra"]
[Source "ChessBase"]
[SourceDate "2013.08.26"]
[SourceVersion "1"]
[SourceVersionDate "2013.08.26"]
[SourceQuality "1"]

1. Nf3 Nf6 2. d4 g6 3. c4 Bg7 4. g3 d6 5. Bg2 0-0 6. 0-0 Nc6 7. Nc3 Bf5 8. Qa4 Ne4 9. Be3 a6 10. Rfd1 Rb8 11. Nh4 Nxc3 12. bxc3 Bd7 13. Qa3 b5 14. Rab1 bxc4 15. Qxa6 Ra8 16. Qxc4 Na5 17. Qd3 Rb8 18. Qa6 Rxb1 19. Rxb1 c6 20. Qd3 d5 21. Bf4 Nc4 22. e4 e6 23. Nf3 Qa5 24. Nd2 Qxa2 25. Ra1 Qxa1+ 26. Bf1 Nxd2 27. Bxd2 e5 28. Kg2 exd4 29. c4 dxe4 30. Qxe4 Bh3+ 31. Kxh3 Qxf1+ 32. Kh4 Bf6+ 0-1

[Event "Wroclaw Anderssen Memorial op 22nd"]
[Site "Wroclaw"]
[Date "2013.06.29"]
[Round "1"]
[White "Kubien, Jerzy"]
[Black "Szyler, Bartosz"]
[Result "1-0"]
[WhiteElo "2204"]
[BlackElo "1755"]
[PlyCount "49"]
[EventDate "2013.06.29"]
[EventType "swiss (rapid)"]
[EventRounds "9"]
[EventCountry "POL"]
[SourceTitle "CBM 155 Extra"]
[Source "ChessBase"]
[SourceDate "2013.08.26"]
[SourceVersion "1"]
[SourceVersionDate "2013.08.26"]
[SourceQuality "1"]

1. Nf3 Nf6 2. d4 g6 3. Bf4 Bg7 4. e3 0-0 5. h3 d6 6. Be2 Nbd7 7. 0-0 c6 8. c3 Nh5 9. Bh2 e5 10. Nbd2 Re8 11. dxe5 dxe5 12. Nc4 Qc7 13. Qd6 Qxd6 14. Nxd6 Re6 15. Rfd1 Nf8 16. Bc4 Re7 17. Nxf7 Be6 18. Nd6 Bxc4 19. Nxc4 Rae8 20. Kf1 e4 21. Nd4 Bxd4 22. Rxd4 Nf6 23. Rad1 Ne6 24. R4d2 Nc5 25. Bd6 1-0

[Event "Wroclaw op-B 7th"]
[Site "Wroclaw"]
[Date "2012.07.04"]
[Round "3"]
[White "Kowara, Magdalena"]
[Black "Szyler, Bartosz"]
[Result "0-1"]
[WhiteElo "1921"]
[BlackElo "1650"]
[PlyCount "88"]
[EventDate "2012.07.02"]
[EventType "swiss"]
[EventRounds "9"]
[EventCountry "POL"]
[SourceTitle "EXT 2013"]
[Source "ChessBase"]
[SourceDate "2012.11.22"]
[SourceVersion "1"]
[SourceVersionDate "2012.11.22"]
[SourceQuality "1"]

1. e4 e5 2. Nf3 Nc6 3. Bb5 a6 4. Bxc6 dxc6 5. 0-0 f6 6. d4 Bg4 7. dxe5 Qxd1 8. Rxd1 Bxf3 9. gxf3 fxe5 10. f4 exf4 11. Bxf4 Rd8 12. Nc3 Bd6 13. e5 Bb4 14. Ne4 Ne7 15. a3 Nd5 16. Bg5 Be7 17. Bxe7 Kxe7 18. Nc5 Ra8 19. c4 Nb6 20. b3 a5 21. Rd4 a4 22. b4 Rhd8 23. Rad1 Nxc4 24. Rd7+ Ke8 25. f4 b6 26. Rxd8+ Rxd8 27. Rxd8+ Kxd8 28. Ne6+ Ke7 29. Nxg7 Nxa3 30. Nf5+ Ke6 31. Nd4+ Kd5 32. e6 Nc4 33. f5 Ke5 34. Nxc6+ Kxf5 35. e7 Nd6 36. Kf2 a3 37. Nd4+ Kf6 38. e8Q Nxe8 39. Ke2 Nd6 40. Kd3 Nb5 41. Nc2 Ke5 42. Kc4 c6 43. Ne1 Nd4 44. Kc3 Ke4 0-1

[Event "Solina Mind Sports U14 op"]
[Site "Solina"]
[Date "2012.04.20"]
[Round "8"]
[White "Szyler, Bartosz"]
[Black "Zarnowski, Krzysztof"]
[Result "1-0"]
[WhiteElo "1628"]
[BlackElo "1747"]
[PlyCount "81"]
[EventDate "2012.04.15"]
[EventType "swiss"]
[EventRounds "9"]
[EventCountry "POL"]
[SourceTitle "EXT 2014"]
[Source "ChessBase"]
[SourceDate "2013.11.20"]
[SourceVersion "1"]
[SourceVersionDate "2013.11.20"]
[SourceQuality "1"]

1. e4 c6 2. c4 d5 3. exd5 cxd5 4. cxd5 Nf6 5. Nc3 g6 6. Nf3 Bg7 7. d4 0-0 8. Bc4 a6 9. Bb3 b5 10. 0-0 Bb7 11. Re1 Nxd5 12. Nxd5 Bxd5 13. Bxd5 Qxd5 14. Rxe7 Nc6 15. Re2 Nxd4 16. Nxd4 Bxd4 17. Be3 Rfd8 18. Rd2 Qf5 19. Rxd4 Rxd4 20. Qxd4 f6 21. Rd1 Rc8 22. Qd5+ Qxd5 23. Rxd5 Rc2 24. g3 Rxb2 25. Rd2 Rb1+ 26. Kg2 a5 27. Bb6 a4 28. a3 b4 29. axb4 Rxb4 30. Be3 h5 31. Rd4 Rb7 32. Rxa4 g5 33. Ra6 Rf7 34. Bd4 Kg7 35. Ra7 Rxa7 36. Bxa7 f5 37. Kf3 Kf6 38. Bd4+ Ke6 39. h4 f4 40. hxg5 fxg3 41. Kxg3 1-0

[Event "Solina Mind Sports U14 op"]
[Site "Solina"]
[Date "2012.04.15"]
[Round "1"]
[White "Szyler, Bartosz"]
[Black "Chomczyk, Marek"]
[Result "0-1"]
[WhiteElo "1628"]
[BlackElo "1808"]
[PlyCount "108"]
[EventDate "2012.04.15"]
[EventType "swiss"]
[EventRounds "9"]
[EventCountry "POL"]
[SourceTitle "EXT 2014"]
[Source "ChessBase"]
[SourceDate "2013.11.20"]
[SourceVersion "1"]
[SourceVersionDate "2013.11.20"]
[SourceQuality "1"]

1. e4 e5 2. Nf3 Nc6 3. d4 exd4 4. Bc4 Nf6 5. 0-0 d6 6. Nxd4 Bd7 7. Nc3 Be7 8. Re1 0-0 9. Bg5 h6 10. Bh4 Nxd4 11. Qxd4 Be6 12. Bxe6 fxe6 13. e5 Ne8 14. Bxe7 Qxe7 15. exd6 cxd6 16. Qc4 Nc7 17. Nd5 Nxd5 18. Qxd5 Rf6 19. Rad1 Rc8 20. c3 Rc6 21. Re2 Kf7 22. Rde1 Rc5 23. Qd4 b6 24. f4 Rcf5 25. g3 g5 26. fxg5 hxg5 27. Rd1 d5 28. Rde1 Qc5 29. Rd2 Qb5 30. a4 Qa6 31. Rde2 Qa5 32. b4 Qxa4 33. Qg4 e5 34. Qh5+ Kg7 35. g4 Rh6 36. Qxh6+ Kxh6 37. gxf5 e4 38. Rd2 Qd7 39. c4 Qxf5 40. cxd5 Qg4+ 41. Rg2 Qf3 42. Rg3 Qf4 43. Rge3 Qf5 44. d6 Kh5 45. Rxe4 Qd5 46. Re6 a5 47. bxa5 bxa5 48. R1e5 Qd1+ 49. Kg2 a4 50. h4 Kxh4 51. Rh6+ Kg4 52. Re7 Qf3+ 53. Kh2 Qf2+ 54. Kh1 Kg3 0-1

[Event "Wroclaw op"]
[Site "Wroclaw"]
[Date "2010.09.03"]
[Round "?"]
[White "Kwapisiewicz, Karol"]
[Black "Szyler, Bartosz"]
[Result "1-0"]
[WhiteElo "1760"]
[BlackElo "1554"]
[PlyCount "27"]
[EventDate "2010.09.03"]
[EventType "swiss"]
[EventRounds "5"]
[EventCountry "POL"]
[SourceTitle "EXT 2023"]
[Source "ChessBase"]
[SourceDate "2022.10.05"]
[SourceVersion "1"]
[SourceVersionDate "2022.10.05"]
[SourceQuality "1"]

1. d4 d5 2. c4 e6 3. Nc3 c5 4. cxd5 exd5 5. Nf3 Nc6 6. Bg5 Qa5 7. e3 h6 8. Bh4 g5 9. Bg3 Bg7 10. Ne5 a6 11. Nxc6 bxc6 12. Qa4 Qb6 13. Nxd5 Qxb2 14. Qxc6+ 1-0

[Event "Blaszczak Memorial 25th"]
[Site "Wroclaw"]
[Date "2010.06.03"]
[Round "7.8"]
[White "Majewski, Piotr"]
[Black "Szyler, Bartosz"]
[Result "1/2-1/2"]
[WhiteElo "1530"]
[BlackElo "1574"]
[PlyCount "124"]
[EventDate "2010.06.03"]
[EventType "swiss"]
[EventRounds "9"]
[EventCountry "POL"]
[SourceTitle "EXT 2023"]
[Source "ChessBase"]
[SourceDate "2022.10.05"]
[SourceVersion "1"]
[SourceVersionDate "2022.10.05"]
[SourceQuality "1"]

1. Nf3 d5 2. d4 e6 3. c4 c5 4. cxd5 exd5 5. dxc5 Bxc5 6. e3 Nf6 7. Nc3 0-0 8. Bd3 Nc6 9. 0-0 Bg4 10. h3 Bh5 11. Be2 Re8 12. a3 Ne5 13. b4 Nxf3+ 14. Bxf3 Bxf3 15. Qxf3 Bb6 16. Rd1 Re5 17. Bb2 Rg5 18. e4 d4 19. Ne2 Qe7 20. Nxd4 Qxe4 21. Qxe4 Nxe4 22. f3 Nf6 23. Kh1 Rd5 24. Nb3 Rad8 25. Rxd5 Nxd5 26. Rd1 Ne3 27. Rxd8+ Bxd8 28. Bd4 Bb6 29. Bxb6 axb6 30. Nd4 Kf8 31. Kg1 Ke7 32. Kf2 Nc4 33. Nc2 Ke6 34. Ke2 Kd5 35. Kd3 f5 36. f4 Nb2+ 37. Kc3 Nd1+ 38. Kd2 Nf2 39. Ke2 Ne4 40. Ne3+ Ke6 41. Kd3 g5 42. fxg5 Nxg5 43. Kc4 Ne4 44. Kb5 f4 45. Nc4 Kd7 46. Nxb6+ Kd8 47. Nd5 f3 48. gxf3 Ng5 49. Kb6 Kc8 50. Ne7+ Kb8 51. f4 Nxh3 52. f5 Ng5 53. f6 h5 54. Nf5 Nf7 55. a4 Kc8 56. a5 Kb8 57. b5 Ne5 58. a6 Nd7+ 59. Ka5 bxa6 60. Kxa6 Nxf6 61. b6 h4 62. Nxh4 Nd7 1/2-1/2

[Event "Blaszczak Memorial 25th"]
[Site "Wroclaw"]
[Date "2010.06.03"]
[Round "8.8"]
[White "Szyler, Bartosz"]
[Black "Wolska, Marta"]
[Result "0-1"]
[WhiteElo "1574"]
[BlackElo "1638"]
[PlyCount "68"]
[EventDate "2010.06.03"]
[EventType "swiss"]
[EventRounds "9"]
[EventCountry "POL"]
[SourceTitle "EXT 2023"]
[Source "ChessBase"]
[SourceDate "2022.10.05"]
[SourceVersion "1"]
[SourceVersionDate "2022.10.05"]
[SourceQuality "1"]

1. e4 d5 2. exd5 Qxd5 3. Nc3 Qd6 4. d4 Nf6 5. Nf3 Bg4 6. Be2 c6 7. Be3 Nbd7 8. h3 Bxf3 9. Bxf3 e6 10. 0-0 Be7 11. Ne4 Nxe4 12. Bxe4 0-0 13. f4 Nf6 14. Bd3 Nd5 15. Bd2 Rad8 16. c3 c5 17. dxc5 Qxc5+ 18. Kh1 Ne3 19. Bxe3 Qxe3 20. Rf3 Qc5 21. Qc2 g6 22. Rd1 Rd7 23. Rf2 Rfd8 24. Rfd2 Qe3 25. f5 exf5 26. Re2 Qg3 27. Rde1 Bd6 28. Kg1 Qh2+ 29. Kf1 Bg3 30. Re8+ Kg7 31. R1e7 Qh1+ 32. Ke2 Qxg2+ 33. Kd1 Rxd3+ 34. Kc1 Bf4+ 0-1